[Event "XIX Abierto de la Constitucion"]
[Site "S. S. de los Reyes ESP"]
[Date "2017.12.04"]
[Round "3"]
[White "Martin Duque, Jesus"]
[Black "Perez Ordonez, Jose Ramon"]
[Result "1-0"]
[WhiteElo "2376"]
[BlackElo "2066"]
[PlyCount "111"]
[EventDate "2017.12.02"]

1. e4 c5 2. Nf3 d6 3. d4 cxd4 4. Nxd4 Nf6 5. Nc3 a6 6. h3 e5 7. Nb3 Be6 8. f4
exf4 9. Bxf4 Be7 10. Qe2 O-O 11. O-O-O Qc7 12. g4 Nc6 13. g5 Nd7 14. Kb1 b5 15.
Nd5 Bxd5 16. exd5 Nce5 17. Nd4 Rfe8 18. Qg2 Rac8 19. h4 Bf8 20. h5 Nc5 21. Rh3
Nc4 22. g6 fxg6 23. hxg6 h6 24. Ne6 Nxe6 25. dxe6 Qc5 26. Rd5 Qb4 27. Bc1 Rxe6
28. Qf2 Re7 29. Bg2 Qe1 30. Qf5 Rce8 31. Rdd3 Qe5 32. Bd5+ Kh8 33. Qg4 Qf6 34.
Rhf3 Ne5 35. Rxf6 Nxg4 36. Rxd6 Ra7 37. Re6 Rd8 38. Be4 Rxd3 39. Bxd3 Kg8 40.
Re8 Nf6 41. Rc8 Re7 42. a4 Re8 43. Rxe8 Nxe8 44. axb5 axb5 45. Bxb5 Nd6 46. Be2
Be7 47. c4 Ne4 48. Bf3 Nf6 49. Kc2 Kf8 50. Bd2 Ke8 51. Bc6+ Kd8 52. b4 Ng4 53.
Bc3 Bf8 54. c5 Ne3+ 55. Kd3 Nf5 56. Be5 1-0